000 00484nam a2200181Ia 4500
005 20250508163312.0
008 008 250505s9999 xx 000 0 hin d
037 _aTextual
040 _aFEDL
_beng
_cFEDL
041 _ahin
_2hin
084 _a891.432, MIS
_qFEDL
100 _aMisra Thakur Dutta
_9774583
245 0 _aVenisanhar
260 _aAllahabad, India
_bKitab Mahal
_c1955
300 _a96p
942 _cTEXL
_h891.432, MIS
999 _c1382186
_d1382186